Vista normal Vista MARC

Entrada Personal Name

Número de registros utilizados en: 1

001 - CONTROL NUMBER

  • control field: 1222

003 - CONTROL NUMBER IDENTIFIER

  • control field: OSt

005 - DATE AND TIME OF LATEST TRANSACTION

  • control field: 20200305163720.0

008 - FIXED-LENGTH DATA ELEMENTS

  • fixed length control field: 200305|| aca||aabn | a|a d

040 ## - CATALOGING SOURCE

  • Original cataloging agency: OSt
  • Transcribing agency: OSt

100 ## - HEADING--PERSONAL NAME

  • Personal name: Litton, Gaston
  • Dates associated with a name: 1913-1994

670 ## - SOURCE DATA FOUND

  • Source citation: Work cat.: (OSt)0: Litton, Gaston 1913-1994 autor, La documentación / , 1971